000 00745nam a2200229 a 4500
001 13551
003 BD-JhCC
005 20240201113533.0
008 240201b20092013bg |||| ||a| 000 0 b d
020 _a984839023
035 _a(BD-JhCC)13551
040 _aBD-JhCC
_dBD-JhCC
041 _aBengali
082 _a891.4435
_bBAB 2013
100 _aবাবুল,রুহুল আমিন
245 _aছোটদের শহীদ তিতুমীর /
_cরুহুল আমিন বাবুল।
260 _aঢাকা:
_bবাড কম্প্রিন্ট এন্ড পাবলিকেশন্স;
_c2013.
300 _a40 p. :
_c26 cm.
650 _aBengali short story.
942 _2ddc
_cBK
999 _c13551
_d13551